PLK - Émotif (Booska 1H) - Statistiques

Statistiques générales
  • Ce quiz a été pris 1 693 fois
  • Le résultat moyen est 244 sur 431
Statistiques - réponses
Hint Réponse % Correct
4
96%
en
96%
P
96%
de
95%
Couplet 1 J'arrive
95%
un
95%
Un
95%
à
94%
L
94%
dans
93%
pas
92%
Pas
92%
noir
91%
vodka
89%
ou
88%
je
87%
Je
87%
uniquement
87%
Booska-P
86%
fils
86%
le
86%
par
86%
que
85%
ça
83%
dis
83%
Si
83%
si
83%
des
81%
Dès
81%
parle
81%
tout
81%
va
81%
C'est
80%
c'est
80%
on
80%
On
80%
pour
80%
Pour
80%
une
80%
ba
79%
cassé
79%
Intro The
79%
the
79%
thé
79%
tu
79%
4-4-2
78%
Ouais
78%
doigts
77%
comme
76%
heure
76%
bolivienne
75%
faut
75%
veux
75%
il
74%
casser
73%
chanter
73%
d'moi
73%
d'une
73%
vous
73%
ma
72%
morceau
72%
sachiez
72%
fais
71%
j'claque
71%
la
71%
qu'on
71%
d'badoit
69%
j'la
69%
plonge
69%
putain
69%
me
66%
au
65%
Émotif
65%
froisser
65%
Refrain Elle
64%
oui
64%
mairie
63%
veut
63%
police
62%
cul
61%
mon
61%
vienne
61%
attend
59%
disparaisses
59%
Nan
59%
nan
59%
quartier
59%
avenir
58%
et
58%
j'dise
58%
j'lui
58%
triste
58%
guetteur
57%
j'suis
57%
qu'la
56%
sombre
56%
casier
55%
destin
55%
doit
55%
tes
55%
t'es
55%
affirmatif
54%
J'veux
53%
les
53%
Les
53%
reflet
52%
mes
51%
rempli
51%
reuf
51%
Weeknd
51%
j'vois
50%
délits
49%
feu
49%
ne
49%
sur
49%
l'OPJ
48%
dit
46%
keufs
46%
aux
45%
glacé
45%
j'peux
45%
mais
45%
péris
45%
ta
45%
l'fou
44%
poche
44%
pêche
43%
posé
43%
crédit
42%
faux
42%
fesses
42%
fraiche
42%
j'réponds
42%
Porsche
42%
seins
42%
gang
41%
maman
41%
mieux
41%
seulement
41%
y'a
41%
connu
40%
froid
40%
genoux
40%
glaçon
40%
mal
40%
daron
39%
j'ai
39%
l'monde
39%
mèches
39%
qu'elle
39%
regarde
39%
son
39%
vrai
39%
gardes
38%
louper
38%
mère
38%
poches
38%
ressemblent
38%
s'balade
38%
Alors
37%
baise
37%
dur
37%
J'rallume
37%
j'rallume
37%
passion
37%
s'remplir
37%
blanc
36%
commencé
36%
Hey
36%
hey
36%
clic
35%
j'te
35%
Juré
35%
juré
35%
m'demande
35%
perd
35%
plages
35%
t'siroter
35%
foutu
34%
j'ressemble
34%
m'relit
34%
d'temps
33%
teh
33%
vraiment
33%
craché
32%
putes
32%
altercations
31%
écrit
30%
Guadaloupe
29%
clope
28%
Danger
28%
J'finis
27%
niaksou
27%
boca
26%
bloquée
25%
bons
25%
carrière
25%
mecs
25%
rappeurs
24%
flics
23%
leurs
23%
fiston
22%
l'ulc
22%
respectent
22%
billet
21%
peur
21%
p'tites
21%
t'as
21%
ton
21%
flow
20%
mythos
20%
Ok
20%
sale
20%
bien
19%
buteur
19%
chaque
19%
coups
19%
quelques
19%
quotas
19%
cotés
18%
d'fil
18%
précis
18%
trappeurs
18%
passe
17%
revient
17%
Robinho
17%
Hop
16%
retiens
16%
Trust
16%
vais
16%
billets
13%
Cala
12%
coño
12%
j'y
12%
molo
12%
mmhh
10%
bah
8%
l'ientcli
5%
Aucun quiz correspondant
Distribution des résultats
% des personnes avec chaque résultat
Percentile par nombre de réponses
Votre historique - résultats
Vous n’avez pas pris ce quiz